000 01067nam a2200277Ia 4500
003 OSt
005 20221005105044.0
006 a|||||r|||| 00| 0
007 ta
008 221004b |||||||| |||| 00| 0 hin d
020 _cINR 60.00
024 _a37687
037 _b1519, 21/02/2018, Bookwell
_cTextual
040 _aCRL
_cCRL
_bhin
041 _2hin
_ahin
082 _aV2:51.M5, 152P6
100 _aखॉं, मोईनुद्दीन हसन, ले.
_9623852
245 0 _aग़दर-1857ः आंखों देखा हाल
246 _aग़dara-1857ah āankhoan dekhā hāla
250 _aसंस्करण 2
260 _aदिल्ली
_bहिंदी माध्यम कार्यान्वय निदेशालय भारत
_c2006
300 _a150पृ0
_ccm.
650 _aभारत-इतिहास
_9156353
942 _hV2:51.M5, 152P6
_cTEXL
_2cc
999 _c1014606
_d1014606